| 000 | 01940cam a22004934i 4500 | ||
|---|---|---|---|
| 003 | PE-LiUPU | ||
| 005 | 20250731172949.0 | ||
| 008 | 150623s1998 miu r 000 0 eng d | ||
| 020 | _a0801020557 | ||
| 035 | _a(Sirsi) i9780801020551 | ||
| 040 |
_aPE-LiUPU _bspa _cPE-LiUPU _erda |
||
| 049 | _aPRUA | ||
| 082 | 0 | 4 |
_a224.907 _bM61 _221 |
| 245 | 0 | 4 |
_aThe minor prophets : _ban exegetical and expository commentary / _cEditado por Thomas Edwrd McComiskey. |
| 264 | 1 |
_aGrand Rapids, Michigan : _bBaker Books, _c1998. |
|
| 300 |
_a1412 páginas ; _c26 centímetros |
||
| 336 |
_atext _2rdacontent |
||
| 337 |
_aunmediated _2rdamedia |
||
| 338 |
_avolume _2rdacarrier |
||
| 504 | _aIncluye bibliografía. | ||
| 505 | 0 | _aVolumen 3 : Zephaniah -- Hagga -- Zechariah -- Malachi. | |
| 526 | _aSEG42 | ||
| 526 | _aSEG41 | ||
| 526 | _aSEG40 | ||
| 526 | _aSEG39 | ||
| 526 | _aP94 | ||
| 526 | _aP87 | ||
| 526 | _aP86 | ||
| 526 | _aP85 | ||
| 526 | _aP77 | ||
| 526 | _aP76 | ||
| 526 | _aP35 | ||
| 630 |
_aBiblia. _pA.T. _pSofonías-Malaquías _xComentarios. |
||
| 700 | 1 |
_aMcComiskey, Thomas Edward, _eeditor. |
|
| 942 |
_2ddc _cBOOK |
||
| 949 |
_a224.907 M61 _wDEWEY _c1 _i45772 _lCCODEBUL1 _mBUL _r0 _sY _tBOOK _u2015-6-24 _xTEOLOGIA _PP35 _0COMPRA _o.STAFF. Colección General |
||
| 949 |
_a224.907 M61 _wDEWEY _c2 _i44900 _lCCODEBUL1 _mBUL _r0 _sY _tBOOK _u2015-6-24 _xTEOLOGIA _PP35 _0COMPRA _o.STAFF. Colección General |
||
| 994 |
_aC0 _bPEPRU |
||
| 596 | _a1 | ||
| 999 |
_a224.907 M61 _wDEWEY _c21770 _i45772 _d21770 _e2017-7-26 _f2021-11-9 _g5 _lCCODEBUL1 _mBUL _n1 _p17.39 _q6 _r0 _sY _tBOOK _u2015-6-24 _xTEOLOGIA _PP35 _0COMPRA _o.STAFF. Colección Teología |
||
| 999 |
_a224.907 M61 _wDEWEY _c2 _i44900 _d2019-11-25 _e2019-6-17 _f2021-11-9 _g5 _lCCODEBUL1 _mBUL _n2 _p17.39 _q4 _r0 _sY _tBOOK _u2015-6-24 _xTEOLOGIA _PP35 _0COMPRA _o.STAFF. Colección Teología |
||
| 980 |
_81 _gALBERTO SANCHEZ Responsable de Automatización |
||